Возможность проведения рентгенофлуоресцентного анализа тяжелых элементов на микротроне с энергией 6 МэВ; Известия вузов. Физика; Т. 54, № 11/2 (тематический выпуск)

מידע ביבליוגרפי
Parent link:Известия вузов. Физика: научный журнал/ Национальный исследовательский Томский государственный университет (ТГУ).— , 1957-
Т. 54, № 11/2 (тематический выпуск).— 2011.— [С. 377-381]
מחבר ראשי: Беспалов В. И. Валерий Иванович
מחבר תאגידי: Национальный исследовательский Томский политехнический университет (ТПУ) Физико-технический институт (ФТИ) Кафедра прикладной физики (№ 12) (ПФ) Международная научно-образовательная лаборатория "Рентгеновская оптика" (МНОЛ РО)
מחברים אחרים: Кречетов Ю. Ф. Юрий Фёдорович, Углов С. Р. Сергей Романович
סיכום:Заглавие с экрана
Проведен расчет выхода тормозного и характеристич. излучения от пробы из свинца при ее облучении электронами с энергией 6 МэВ и тормозным излучением с такой же максим. энергией. Показано явное преимущество использования пучка электронов для рентгенофлуоресцентного анализа (РФА) средних и тяжелых элементов по сравнению с тормозным излучением. Результаты эксперимента показали возможность хорошего выделения К-линий характеристического рентгеновского излучения тяжелых элементов в измерениях на микротроне, а также согласие с расчетными данными, что позволяет использовать разработанную программу для оптимизации РФА на ускорителях электронов.
Режим доступа: по договору с организацией-держателем ресурса
שפה:רוסית
יצא לאור: 2011
נושאים:
גישה מקוונת:http://elibrary.ru/item.asp?id=17394924
פורמט: MixedMaterials אלקטרוני Book Chapter
KOHA link:https://koha.lib.tpu.ru/cgi-bin/koha/opac-detail.pl?biblionumber=642009

MARC

LEADER 00000naa0a2200000 4500
001 642009
005 20250408100135.0
035 |a (RuTPU)RU\TPU\network\6940 
035 |a RU\TPU\network\6937 
090 |a 642009 
100 |a 20150611d2011 k||y0rusy50 ca 
101 0 |a rus 
102 |a RU 
135 |a drnn ---uucaa 
181 0 |a i  
182 0 |a b 
200 1 |a Возможность проведения рентгенофлуоресцентного анализа тяжелых элементов на микротроне с энергией 6 МэВ  |f В. И. Беспалов, Ю. Ф. Кречетов, С. Р. Углов 
203 |a Текст  |c электронный 
300 |a Заглавие с экрана 
320 |a [Библиогр.: с. 381 (6 назв.)] 
330 |a Проведен расчет выхода тормозного и характеристич. излучения от пробы из свинца при ее облучении электронами с энергией 6 МэВ и тормозным излучением с такой же максим. энергией. Показано явное преимущество использования пучка электронов для рентгенофлуоресцентного анализа (РФА) средних и тяжелых элементов по сравнению с тормозным излучением. Результаты эксперимента показали возможность хорошего выделения К-линий характеристического рентгеновского излучения тяжелых элементов в измерениях на микротроне, а также согласие с расчетными данными, что позволяет использовать разработанную программу для оптимизации РФА на ускорителях электронов. 
333 |a Режим доступа: по договору с организацией-держателем ресурса 
461 |t Известия вузов. Физика  |o научный журнал  |f Национальный исследовательский Томский государственный университет (ТГУ)  |d 1957- 
463 |t Т. 54, № 11/2 (тематический выпуск)  |v [С. 377-381]  |d 2011 
610 1 |a электронный ресурс 
610 1 |a труды учёных ТПУ 
610 1 |a микротроны 
610 1 |a излучение 
610 1 |a рентгенофлуоресцентный анализ 
610 1 |a ускорители 
610 1 |a метод Монте-Карло 
700 1 |a Беспалов  |b В. И.  |c физик  |c доцент Томского политехнического университета, кандидат физико-математических наук  |f 1946-  |g Валерий Иванович  |3 (RuTPU)RU\TPU\pers\26488  |9 12190 
701 1 |a Кречетов  |b Ю. Ф.  |c специалист в области водородной энергетики  |c профессор Томского политехнического университета, доктор физико-математических наук  |f 1947-  |g Юрий Фёдорович  |3 (RuTPU)RU\TPU\pers\28142  |9 13100 
701 1 |a Углов  |b С. Р.  |c физик  |c ведущий научный сотрудник Томского политехнического университета, кандидат физико-математических наук  |f 1958-  |g Сергей Романович  |3 (RuTPU)RU\TPU\pers\28130  |9 13088 
712 0 2 |a Национальный исследовательский Томский политехнический университет (ТПУ)  |b Физико-технический институт (ФТИ)  |b Кафедра прикладной физики (№ 12) (ПФ)  |b Международная научно-образовательная лаборатория "Рентгеновская оптика" (МНОЛ РО)  |3 (RuTPU)RU\TPU\col\19530 
801 2 |a RU  |b 63413507  |c 20160316  |g RCR 
856 4 |u http://elibrary.ru/item.asp?id=17394924 
942 |c CF